20 najczęściej wykonywanych kompozytorów - Statystyki

Ogólne statystyki
  • Ten quiz został rozwiązany 1 598 razy
  • Średni wynik to 5 z 20
Statystyki odpowiedzi
# Narodowość Kompozytor % Poprawnych
219 Austriacka Wolfgang Amadeusz Mozart
95%
226 Niemiecka Ludwig van Beethoven
69%
128 Rosyjska Piotr Czajkowski
60%
48 Włoska Antonio Vivaldi
42%
47 Niemiecka Richard Wagner
30%
72 Niemiecka Richard Strauss
29%
61 Austriacka Joseph Haydn
25%
61 Czeska Antonín Dvořák
19%
42 Niemiecka / Brytyjska George Frideric Handel
16%
115 Niemiecka Johannes Brahms
15%
46 Rosyjska Dmitrij Szostakowicz
12%
48 Rosyjska Siergiej Prokofjew
11%
56 Rosyjska Siergiej Rachmaninow
11%
57 Fińska Jean Sibelius
10%
75 Rosyjska Igor Strawinski
9%
57 Francuska Maurice Ravel
9%
44 Czeska Gustav Mahler
8%
64 Niemiecka Felix Mendelssohn
6%
47 Amerykańska Aaron Copland
3%
48 Amerykańska Samuel Barber
3%
Nie znaleziono quizów pasujących do podanych kryteriów
Rozkład punktacji
Procent ludzi z każdym wynikiem
Percentyl według liczby udzielonych odpowiedzi
Twoja historia wyników
Nie rozwiązałeś tego quizu